000
00243nam a2200097Ia 4500
008
230508s2015 xx 000 0 und d
041
_a
eng
100
_a
PADHE SURESHCHANDRA
245
_a
MALLINATHACHI SOLAPURI
260
_b
MAUJE PUB
_c
2015
_g
2001
999
_c
311768
_d
311768